| 000 | 00557nam a2200169Ia 4500 | ||
|---|---|---|---|
| 003 | IN-BaIIA | ||
| 008 | 211028s9999 xx 000 0 eng d | ||
| 020 | _a1-4020-1526-7 | ||
| 040 | _cIIA Library | ||
| 080 |
_a52(082.1) _bASS-296 |
||
| 245 | 0 |
_aOrganizations and strategies in astronomy _bvol. 4 _cedited by A. Heck |
|
| 260 |
_aDordrecht _bKluwer Academic _c2003 |
||
| 300 | _axii, 325p. | ||
| 490 | _aAstrophysics and space science library; v. 296 | ||
| 650 |
_aAstronomy - Strategies _928735 |
||
| 942 | _cBK | ||
| 999 |
_c15587 _d15587 |
||